La deuda externa: conflicto de conflictos
সংরক্ষণ করুন:
| প্রধান লেখক: | |
|---|---|
| বিন্যাস: | পাঠ্য |
| প্রকাশিত: |
Heredia:
UNA. CEMLA
|
| ট্যাগগুলো: |
ট্যাগ যুক্ত করুন
কোনো ট্যাগ নেই, প্রথমজন হিসাবে ট্যাগ করুন!
|
MARC
| LEADER | 00000 a a2200000 04500 | ||
|---|---|---|---|
| 001 | 22453 | ||
| 003 | |||
| 040 | |||
| 090 | |a 153000 | ||
| 100 | |a Charpentier, Silvia | ||
| 245 | |a La deuda externa: conflicto de conflictos | ||
| 260 | |a Heredia: |b UNA. CEMLA | ||
| 300 | |a 20 p. | ||
| 999 | |c 9453 |d 9453 | ||
